Złota Piłka 2016 - Top 10 - Statystyki

Ogólne statystyki
  • Ten quiz został rozwiązany 656 razy
  • Średni wynik to 9 z 10
Statystyki odpowiedzi
Lp. Klub Kraj Zawodnik % Poprawnych
1 Real Madryt Portugalia Cristiano Ronaldo
100%
2 Barcelona Argentyna Lionel Messi
100%
6 Real Madryt Walia Gareth Bale
97%
4 Barcelona Urugwaj Luis Suarez
97%
5 Barcelona Brazylia Neymar
97%
3 Atletico Francja Antoine Griezmann
89%
8 Leicester Anglia Jamie Vardy
85%
9 Juventus Włochy Gianluigi Buffon
81%
10 Real Madryt Portugalia Pepe
81%
7 Leicester Algieria Riyad Mahrez
81%
Nie znaleziono quizów pasujących do podanych kryteriów
Rozkład punktacji
Procent ludzi z każdym wynikiem
Percentyl według liczby udzielonych odpowiedzi
Twoja historia wyników
Nie rozwiązałeś tego quizu